Textbook of Microbiology (Record no. 1748)
[ view plain ]
| 000 -LEADER | |
|---|---|
| Fixed length control field | 00646nam a22002297a 4500 |
| 003 - CONTROL NUMBER IDENTIFIER | |
| Control field | IIN |
| 005 - DATE AND TIME OF LATEST TRANSACTION | |
| Control field | 20250412120123.0 |
| 008 - FIXED-LENGTH DATA ELEMENTS--GENERAL INFORMATION | |
| Fixed length control field | 250412b |||ad||| |||| 001 0 eng d |
| 020 ## - INTERNATIONAL STANDARD BOOK NUMBER / ISBN | |
| International Standard Book Number | 9789390619122 |
| Price | 295.00 |
| 040 ## - CATALOGING SOURCE | |
| Original cataloging agency | IIN |
| 082 ## - DEWEY DECIMAL CLASSIFICATION NUMBER | |
| Classification number | 579 |
| Book Number | BAK |
| 100 ## - MAIN ENTRY--PERSONAL NAME | |
| Personal name | Bakshi, Mrinalini |
| 245 ## - TITLE STATEMENT | |
| Title | Textbook of Microbiology |
| Sub title | for GNM Nursing Students |
| Statement of responsibility | Mrinalini Bakshi/ edited by Indrajit Walia & Anju Dhir |
| 250 ## - EDITION STATEMENT | |
| Edition statement | 2nd ed. |
| 260 ## - IMPRINT | |
| Place of publication | New Delhi |
| Name of publisher | CBSPD |
| Date of publication | 2021 |
| 300 ## - PHYSICAL DESCRIPTION | |
| Page / Vol. No | xiii, 134 p. |
| Other physical details | col. ill. |
| 500 ## - GENERAL NOTE | |
| General note | Includes Index |
| 650 ## - SUBJECT ADDED ENTRY--TOPICAL TERM | |
| Topical term | Microbiology |
| 700 ## - ADDED ENTRY--PERSONAL NAME | |
| Personal name | Walia, Indarjit (ed.) |
| 700 ## - ADDED ENTRY--PERSONAL NAME | |
| Personal name | Dhir, Anju (ed.) |
| 942 ## - ADDED ENTRY ELEMENTS (KOHA) | |
| Koha item type | Books |
| Withdrawn status | Lost status | Source of classification | Damaged status | Not for loan | Collection code | Home library | Current library | Shelving location | Date acquired | Price | Total Checkouts | Call number | Accession number | Date last seen | Price effective from | Koha item type |
|---|---|---|---|---|---|---|---|---|---|---|---|---|---|---|---|---|
| Dewey Decimal Classification | Purches Book | IDEAL INSTITUTE OF NURSING | IDEAL INSTITUTE OF NURSING | General Stacks | 11/03/2025 | 295.00 | 579 BAK | 1887 | 12/04/2025 | 12/04/2025 | Books | |||||
| Dewey Decimal Classification | Purches Book | IDEAL INSTITUTE OF NURSING | IDEAL INSTITUTE OF NURSING | General Stacks | 11/03/2025 | 295.00 | 579 BAK | 1888 | 12/04/2025 | 12/04/2025 | Books | |||||
| Dewey Decimal Classification | Purches Book | IDEAL INSTITUTE OF NURSING | IDEAL INSTITUTE OF NURSING | General Stacks | 11/03/2025 | 295.00 | 579 BAK | 1889 | 12/04/2025 | 12/04/2025 | Books |
